Quines Vilanova existeixen? - Estadísticas

Estadísticas generales
  • Esta prueba ha sido intentada 44 veces
    11 desde el último reinicio
  • La puntuación promedio es 6 de 15
Answers on the Grid
Answers color-coded by a green-red scale on the quiz's grid according to % correct below.
Vilanova i els Oms
Vilanova dels Bous
Vilanova del Vallès
Vilanova i la Geltrú
Vilanova del Túria
Vilanova del Ripollès
Vilanova del Penedès
Vilanova del Montseny
Vilanova del Camí
Vilanova dels Ports
Vilanova de Viver
Vilanova de Ter
Vilanova de Segrià
Vilanova de Sau
Vilanova de Raò
Vilanova de Prades
Vilanova de Meià
Vilanova de Mar
Vilanova de Mallorca
Vilanova de la Ribera
Vilanova de la Barca
Vilanova de l'Horta
Vilanova de l'Aguda
Vilanova de Calvià
Vilanova de Besora
Vilanova de Bellpuig
Vilanova d'Escornalbou
Vilanova d'Elx
Vilanova d'Amposta
Vilanova d'Alcolea
 
Estadísticas de respuestas
Respuesta % Correcto
Vilanova del Vallès
100%
Vilanova i la Geltrú
86%
Vilanova del Camí
71%
Vilanova de Prades
71%
Vilanova de Meià
57%
Vilanova de Sau
57%
Vilanova de Bellpuig
43%
Vilanova de la Barca
43%
Vilanova d'Escornalbou
43%
Vilanova de Segrià
43%
Vilanova de la Ribera
14%
Vilanova d'Alcolea
0%
Vilanova de l'Aguda
0%
Vilanova de Raò
0%
Vilanova de Viver
0%
No se encontraron pruebas coincidentes
Distribución de puntuación
Porcentaje de gente con cada puntuación
Porcentaje por número respondido
Historial de tus puntuaciones
No has intentado esta prueba desde el último reinicio